Normal view
MARC view
Entry Corporate Name
001 - CONTROL NUMBER
- control field: 1495
003 - CONTROL NUMBER IDENTIFIER
- control field: AR-FvUNAJ
005 - DATE AND TIME OF LATEST TRANSACTION
- control field: 20180618133448.0
008 - FIXED-LENGTH DATA ELEMENTS
- fixed length control field: 130325|| aca||aabn | a|a d
040 ## - CATALOGING SOURCE
- Original cataloging agency: AR-FvUNAJ
- Transcribing agency: AR-FvUNAJ
110 2# - HEADING--CORPORATE NAME
- Corporate name or jurisdiction name as entry element: Comisión Nacional por el Derecho a la Identidad.
670 ## - SOURCE DATA FOUND
- Source citation: Work cat.: (AR-FvUNAJ): Historias buscadas /, 2007.